| 000 | 00875nam a2200289Ia 4500 | ||
|---|---|---|---|
| 003 | OSt | ||
| 005 | 20221006160316.0 | ||
| 006 | a|||||r|||| 00| 0 | ||
| 007 | ta | ||
| 008 | 221006b |||||||| |||| 00| 0 kor d | ||
| 020 | _a 9788955187274 (V.2) | ||
| 020 |
_a9788955184082 (Workbook 1) _cW28,000 (Total) |
||
| 024 | _a44,893 | ||
| 037 |
_bGift, Window on Korea _cTextual |
||
| 040 |
_aEASL _cEASL _bkor |
||
| 041 |
_2kor _akor |
||
| 082 | _aP495, Q2.2 | ||
| 100 |
_aEasy Korean Academy _9672860 |
||
| 245 | 0 | _aEasy Korean for Foreigners | |
| 260 |
_aSeoul _bKorea Language Plus Korea _c2012 |
||
| 300 |
_a128+184p. CD - 2 _ccm. |
||
| 490 | _v V.2KL | ||
| 500 | _aV.2 is published by Hanguel Park; Accompanying CD - 2 | ||
| 650 | _aKL | ||
| 942 |
_hP495, Q2.2 _cTEXL _2CC |
||
| 999 |
_c1112985 _d1112985 |
||